000
00252nam a22001097a 4500
082
_a
604.2 BAE'E
100
_a
BAER, C. J
_9
57264
245
_a
ELECTRICAL AND ELECTRONIC DRAWING
260
_a
NEWYORK
_b
MCGRAW HILL
_c
1960
300
_a
218P
942
_c
BK
999
_c
567559
_d
567559